Today I Saw The Whole World - Pierce The Veil Lyrics - Statistics

General Stats
  • This quiz has been taken 81 times
  • The average score is 248 of 353
Answer Stats
Answer % Correct
a
96%
do
96%
I
93%
you
93%
be
91%
my
91%
the
91%
to
91%
who
91%
it
87%
down
85%
on
85%
over
85%
we
85%
and
83%
but
83%
feel
83%
good
83%
hear
83%
your
83%
baby
80%
bet
80%
what
80%
biting
78%
concrete
78%
curb
78%
entertainment
78%
feels
78%
in
78%
never
78%
pavement
78%
sick
78%
was
78%
with
78%
can
76%
coming
76%
I'll
76%
me
76%
would
76%
lips
74%
perfect
74%
stood
74%
take
74%
mine
72%
she
72%
tell
72%
time
72%
while
72%
are
70%
between
70%
like
70%
oh
70%
saw
70%
so
70%
today
70%
whole
70%
world
70%
of
67%
only
67%
out
67%
spine
67%
undressed
67%
wasted
67%
without
67%
behind
65%
can't
65%
can"t
65%
car
65%
company
65%
tonight
65%
when
65%
broken
63%
drag
63%
one
63%
pour
63%
as
61%
beware
61%
heart
61%
is
61%
slow
61%
think
61%
watch
61%
you're
61%
bleeding
57%
life
57%
our
57%
back
54%
blends
54%
come
54%
home
54%
I'm
54%
legs
54%
other
54%
sea
54%
side
54%
view
54%
will
54%
by
52%
darkness
52%
feed
52%
foxes
52%
gold
52%
it's
52%
love
52%
may
52%
restless
52%
see
52%
soul
52%
stole
52%
surface
52%
swing
52%
we're
52%
forth
50%
just
50%
last
50%
pendulum
50%
plot
50%
under
50%
crosses
48%
followed
48%
into
48%
sleep
48%
this
48%
wanna
48%
wash
48%
zero
48%
blink
46%
enough
46%
feeding
46%
has
46%
heaven
46%
her
46%
linger
46%
bear
43%
brings
43%
friends
43%
made
41%
that
41%
if
37%
clouds
35%
road
35%
lungs
33%
more
33%
bite
30%
stitches
30%
swallowing
30%
sing
26%
voices
24%
listen
17%
No matching quizzes found
Score Distribution
Percent of People with Each Score
Percentile by Number Answered
Your Score History
You have not taken this quiz